01797 a2200253 45000010006000000050017000060080041000230030015000640400040000790800035001192450028001542640028001823000023002105051049002330410008012829420007012905900036012971000018013337000029013517000021013807000021014019990015014229520106014375407520260407155811.0260407a1965 arg spa dAR-UNSa-BCEJYS aAR-UNSa-BCEJYSbspacAR-UNSa-BCEJYS a330.4xEconomía matemática10aEconomía matemática 1aMadrid :bAguilarc1965 axx, 931 p.c22 cm. a1. El modelo de la telaraña y otros modelos dinámicos simples – 2. Keynes y los clásicos: el multiplicador – 3. El principio de aceleración – 4. Análisis matemático: números complejos – 5. Análisis matemático: ecuaciones diferenciales lineales – 6. Análisis matemático: ecuaciones diferenciales lineales en diferencias finitas – 7. Teoría de los ciclos económicos: Samuelson-Hicks – 8. Teoría del ciclo económico: Godwin, Kalecki y Phillips – 9. Regulación económica: sistemas de control de circuito cerrado – 10. El equilibrio económico general – 11. Relaciones interindustriales – 12. Análisis matemático: vectores y matrices – 13. Análisis matemático: Algebra de matrices – 14. Aplicaciones del algebra de vectores y de matrices – 15. Teoría elemental de los juegos – 16. Programación lineal – 17. Programación de actividades: distribución de los recursos – 18. Teoría de la empresa – 19. La teoría del valor – 20. El problema de la agregación.  aspa cBK aniveau_biblio:m niveau_hierar:01 aAllen, R.G.D.1 aAguilar Gonzalez, Carlos1 aCorrea, Héctor1 aCalleja, Anselmo c5343d5343 00104070aBCEJYSbBCEJYSc16d2026-04-07l0o330.4 A425pL21243r2026-04-07 15:58:11w2026-04-07yL